MARC details
| 000 -CABECERA |
| campo de control de longitud fija |
02209nam a2200289 a 4500 |
| 001 - NÚMERO DE CONTROL |
| campo de control |
000034182 |
| 005 - FECHA Y HORA DE LA ÚLTIMA TRANSACCIÓN |
| campo de control |
20200930070839.0 |
| 008 - DATOS DE LONGITUD FIJA--INFORMACIÓN GENERAL |
| campo de control de longitud fija |
110927m17841790fr 000 0 fre d |
| 040 ## - FUENTE DE LA CATALOGACIÓN |
| Centro catalogador/agencia de origen |
DO-SdBNP |
| Lengua de catalogación |
spa |
| Centro/agencia transcriptor |
BNPHU |
| 100 1# - ENTRADA PRINCIPAL--NOMBRE DE PERSONA |
| Nombre de persona |
Moreau de Saint-Méry, Louis-Élie |
| Fechas asociadas al nombre |
1750-1819 |
| 9 (RLIN) |
59607 |
| 245 10 - MENCIÓN DE TÍTULO |
| Título |
Loix et constitutions des colonies françoises de l'Amérique sous le vent / |
| Mención de responsabilidad, etc. |
Moreau de Saint-Méry. |
| 260 ## - PUBLICACIÓN, DISTRIBUCIÓN, ETC. |
| Lugar de publicación, distribución, etc. |
Paris : |
| Nombre del editor, distribuidor, etc. |
[Quillau?], |
| Fecha de publicación, distribución, etc. |
1784- . |
| 300 ## - DESCRIPCIÓN FÍSICA |
| Extensión |
6 vol. : |
| Otras características físicas |
il. ; |
| Dimensiones |
27 cm. |
| 500 ## - NOTA GENERAL |
| Nota general |
En 1780 Moreau de Saint-Méry fue nombrado "conseiller au Conseil Supérieur de-Saint-Domingue". Esto le permitió, al tener acceso a los archivos de las Antillas, estudiar los documentos primarios relacionados con las leyes y la historia de la colonia. Publicó su magistral "Loix et constituciones...". Parte de su investigación histórica, está incluida en esta obra y en la que le continúa "Description topographique et politique de la partie espagnole de l'île de Saint-Domingue (Philadelphia: 1796)". |
| 500 ## - NOTA GENERAL |
| Nota general |
Volume 1: 1550-1703.--v.2: 1704-1721.--v.3: 1722-1749.--v.4: 1750-1765.--v.5: 1766-1779.--v.6: 1780-1785 |
| 505 2# - NOTA DE CONTENIDO CON FORMATO |
| Nota de contenido con formato |
Contiene las leyes y las constituciones de las colonias francesas de América entre el 1550 hasta 1703 y de 1780 hasta 1785; información sobre la administración de las colonias; observaciones generales sobre el clima, población, cultura, el carácter y los habitantes de la parte de francesa de Santo Domingo; descripción física de las diferentes áreas políticas y topográficas que contribuyen a la historia de esta isla y sus dependencias, desde su descubrimiento hasta la actualidad, en 1784 |
| 500 ## - NOTA GENERAL |
| Nota general |
Ex libris Julio Ortega Frier |
| 651 #4 - PUNTO DE ACCESO ADICIONAL DE MATERIA--NOMBRE GEOGRÁFICO |
| Nombre geográfico |
Francia |
| Subdivisión general |
Colonias |
| Subdivisión cronológica |
América |
| 9 (RLIN) |
59608 |
| 651 #4 - PUNTO DE ACCESO ADICIONAL DE MATERIA--NOMBRE GEOGRÁFICO |
| Nombre geográfico |
América |
| Subdivisión general |
Colonias Francesas |
| 9 (RLIN) |
59609 |
| 651 #4 - PUNTO DE ACCESO ADICIONAL DE MATERIA--NOMBRE GEOGRÁFICO |
| Nombre geográfico |
Antillas Francesas |
| Subdivisión general |
Política Y Gobierno |
| 9 (RLIN) |
59610 |
| 651 #4 - PUNTO DE ACCESO ADICIONAL DE MATERIA--NOMBRE GEOGRÁFICO |
| Nombre geográfico |
Indias Occidentales |
| 9 (RLIN) |
59611 |
| 651 #4 - PUNTO DE ACCESO ADICIONAL DE MATERIA--NOMBRE GEOGRÁFICO |
| Nombre geográfico |
Islas De Barlovento |
| 9 (RLIN) |
59612 |
| 650 04 - PUNTO DE ACCESO ADICIONAL DE MATERIA--TÉRMINO DE MATERIA |
| Término de materia o nombre geográfico como elemento de entrada |
Legislación |
| Subdivisión geográfica |
Francia |
| Subdivisión general |
Colonias |
| Subdivisión geográfica |
América |
| 9 (RLIN) |
59613 |
| 651 #4 - PUNTO DE ACCESO ADICIONAL DE MATERIA--NOMBRE GEOGRÁFICO |
| Nombre geográfico |
Haití |
| Subdivisión cronológica |
Hasta 1791 |
| Subdivisión general |
Descripciones Y Viajes |
| 9 (RLIN) |
59614 |
| 651 #4 - PUNTO DE ACCESO ADICIONAL DE MATERIA--NOMBRE GEOGRÁFICO |
| Nombre geográfico |
Haití |
| Subdivisión general |
Política Y Gobierno |
| Subdivisión cronológica |
Hasta 1791 |
| 9 (RLIN) |
59615 |
| 856 41 - LOCALIZACIÓN Y ACCESO ELECTRÓNICOS |
| Tipo de formato electrónico |
http://gallica.bnf.fr/ark:/12148/bpt6k86107r/f2.image |
| Nota pública |
PDF vol. 1 |